[Event "Ambalangoda Dhamso op 4th"]
[Site "Ambalangoda"]
[Date "2014.05.01"]
[Round "3"]
[White "Liyanage, Kalsara"]
[Black "Fernando, JMMP"]
[Result "0-1"]
[WhiteElo "1407"]
[BlackElo "1802"]
[PlyCount "66"]
[EventDate "2014.04.30"]
[EventType "swiss"]
[EventRounds "9"]
[EventCountry "SRI"]
[SourceTitle "CBM 160 Extra"]
[Source "ChessBase"]
[SourceDate "2014.07.01"]
[SourceVersion "1"]
[SourceVersionDate "2014.07.01"]
[SourceQuality "1"]

1. d4 f5 2. e3 Nf6 3. f4 e6 4. Nf3 b6 5. Nbd2 Be7 6. Bd3 Bb7 7. b3 Nc6 8. Bc4 0-0 9. 0-0 Qe8 10. Ng5 Nd8 11. Ndf3 h6 12. Nh3 Nf7 13. Nh4 Nd6 14. Qe2 Nfe4 15. Nf3 a5 16. Bd3 Nc3 17. Qe1 Nde4 18. Nd2 a4 19. Nxe4 Nxe4 20. Bxe4 Bxe4 21. Qc3 c5 22. Qd2 Qg6 23. Ba3 Rfc8 24. dxc5 Bxc5 25. Bxc5 Rxc5 26. Rac1 axb3 27. cxb3 Rac8 28. Rxc5 Rxc5 29. Rf2 Qg4 30. Kh1 Qxh3 31. Kg1 Qg4 32. b4 Rd5 33. Qc1 Rd1+ 0-1

[Event "Ambalangoda Dhamso op 2nd"]
[Site "Ambalangoda"]
[Date "2012.04.23"]
[Round "9"]
[White "Fernando, JMMP"]
[Black "Wijekoon, Chandana"]
[Result "0-1"]
[WhiteElo "1858"]
[BlackElo "1997"]
[PlyCount "98"]
[EventDate "2012.04.19"]
[EventType "swiss"]
[EventRounds "9"]
[EventCountry "SRI"]
[SourceTitle "CBM 148 Extra"]
[Source "ChessBase"]
[SourceDate "2012.06.22"]
[SourceVersion "1"]
[SourceVersionDate "2012.06.22"]
[SourceQuality "1"]

1. d4 Nf6 2. Nf3 c5 3. d5 d6 4. g3 e6 5. c4 exd5 6. cxd5 g6 7. Nc3 Bg7 8. Bg2 0-0 9. 0-0 Re8 10. Nd2 Na6 11. e4 Nc7 12. a4 a6 13. a5 Nb5 14. Qc2 Nh5 15. Nc4 Rb8 16. Nb6 Nf6 17. h3 Nd7 18. Nca4 Nd4 19. Qd1 f5 20. exf5 Nxb6 21. Nxb6 Bxf5 22. Ra3 Re2 23. Bd2 Bc2 24. Qc1 Nb3 25. Qxc2 Nxd2 26. Qd3 Qe7 27. Rd1 Re1+ 28. Rxe1 Qxe1+ 29. Bf1 Bd4 30. Qe2 Qxe2 31. Bxe2 Rf8 32. Rd3 Ne4 33. Rf3 Rxf3 34. Bxf3 Nxf2 35. Kg2 Nd3 36. Bg4 Nxb2 37. Bc8 c4 38. Nxc4 Nxc4 39. Bxb7 Nxa5 40. Bxa6 Nb3 41. Kf3 Be5 42. g4 g5 43. Ke4 Kg7 44. Kf5 h6 45. Bf1 Nd4+ 46. Ke4 Kf6 47. Ba6 Nb3 48. Bb5 Nc5+ 49. Kf3 Bb2 0-1

[Event "Ambalangoda Dhamso op 1st"]
[Site "Ambalangoda"]
[Date "2011.04.24"]
[Round "7"]
[White "Fernando, JMMP"]
[Black "Galappaththi, Chinthaka Anuruddh"]
[Result "0-1"]
[WhiteElo "1908"]
[BlackElo "2140"]
[PlyCount "78"]
[EventDate "2011.04.21"]
[EventType "swiss"]
[EventRounds "9"]
[EventCountry "SRI"]
[SourceTitle "CBM 142 Extra"]
[Source "ChessBase"]
[SourceDate "2011.06.27"]
[SourceVersion "1"]
[SourceVersionDate "2011.06.27"]
[SourceQuality "1"]

1. d4 Nf6 2. c4 g6 3. Nc3 Bg7 4. e4 d6 5. Nf3 0-0 6. Be2 Nc6 7. d5 Nb8 8. 0-0 e5 9. b4 Ne8 10. a4 f5 11. Bg5 Qd7 12. Bc1 Qe7 13. Ba3 Nd7 14. Ra2 f4 15. Ne1 Ndf6 16. c5 g5 17. h3 Rf7 18. Nd3 Bf8 19. Re1 Rg7 20. Kf1 g4 21. hxg4 Nxg4 22. Bxg4 Bxg4 23. f3 Bd7 24. Rf2 Nf6 25. Ke2 Nh5 26. Kd2 Rg5 27. Ne2 Qe8 28. Nb2 a5 29. b5 dxc5 30. Nc4 c6 31. dxc6 bxc6 32. b6 Be6 33. Kc3 Rb8 34. Nxa5 Rxb6 35. Nc4 Rb8 36. Nc1 Qf7 37. Nd6 Qc7 38. Nc4 Rd8 39. Rd2 Rd4 0-1